Statistics for Summer Olympic Host Countries,1896-2020

Click here to take the quiz!

General Stats

  • This quiz has been taken 258 times
    (149 since last reset)
  • The average score is 30 of 31

Answer Stats

YearCountry% Correct
2028United States of America
100%
1904United States of America
100%
1984United States of America
100%
1932United States of America
100%
1996United States of America
100%
2016Brazil
99%
2008China
99%
1936Germany
99%
1972Germany
99%
2024France
98%
1924France
98%
1900France
98%
1964Japan
98%
2020Japan
98%
1948United Kingdom
98%
2012United Kingdom
98%
1908United Kingdom
98%
1980USSR
98%
1956Australia
97%
2000Australia
97%
2004Greece
97%
1896Greece
97%
1976Canada
96%
1992Spain
96%
1960Italy
95%
1988South Korea
93%
1968Mexico
92%
1912Sweden
84%
1920Belgium
83%
1928Netherlands
82%
1952Finland
75%

Score Distribution

Percentile by Number Answered

Percent of People with Each Score

Your Score History

You have not taken this quiz since the last reset